EL HOMBRE ACTUAL ANTE LA IMAGEN BIBLICA DEL HOMBRE/

TRADUCCION DE: DER MODERNE MENSCH VOR DEM BIBLISCHEN MENSCHENBILD

Guardado en:
Detalles Bibliográficos
Autor principal: Scheffczyk, Leo (autor)
Formato: Libro
Temas:
Etiquetas: Agrega una etiqueta
Sin etiquetas, Sé el primero en etiquetar este registro!

MARC

LEADER 00000nam^a2200000^a^4500
001 000227223
005 20250521000000.0
009 20260310104236.638
035 |a 045489 
037 |a Acervo Xavier Clavigero 
082 |a 233.  |b SCH 
100 |a Scheffczyk, Leo  |e (autor) 
245 1 3 |a EL HOMBRE ACTUAL ANTE LA IMAGEN BIBLICA DEL HOMBRE/  |c LEO SCHEFFCZYK; TR. JUAN GODO COSTA 
264 |a BARCELONA :  |b HERDER,  |c 1967 
300 |a 175p. 
336 |a texto  |b txt  |2 rdacontenido 
337 |a sin mediación  |b n  |2 rdamedio 
338 |a volumen  |b nc  |2 rdasoporte 
520 |a TRADUCCION DE: DER MODERNE MENSCH VOR DEM BIBLISCHEN MENSCHENBILD 
649 |a XX 
650 |a Hombre (Teología) 
910 |a Fondo General 
920 |a Impresos - Libros 
930 |a Colección General 
905 |a 101 
901 |a 045489  |b IT1  |c ACC  |i 045489  |u 20250521 
902 |a https://opac.biblio.iteso.mx/vufind/Record/000227223